01093nam a2200181 a 4500008004100000050002300041110010300064245003500167260007300202300001300275350000900288650003300297995015400330995015400484999001700638952012800655952012800783100622s2007 ||||||||||||||||| || u aGOV.ZAM(02)2007/1A aGovernment of the Republic of Zambia (GRZ). Ministry of Tourism, Environment and Natural Resources10aNational policy on environment aLusakabMInistry of Tourism, Environment and Natural Resourcesc2007 aix, 61p. a0.00 aENVIRONMENTAL POLICY--ZAMBIA aSPECIAL COLLECTIONSD0.00e03006806FCBU-MAIN LIBRARY (Kitwe)H1I0.00jGOV.ZAM(02)2007/1AM1UAVAILABLEWJul 16, 2010y03006806ZZambiana Collection aSPECIAL COLLECTIONSD0.00e03006807FCBU-MAIN LIBRARY (Kitwe)H1I0.00jGOV.ZAM(02)2007/1BM2UAVAILABLEWJul 16, 2010y03006807ZZambiana Collection c78718d78718 00102lcc4070a001b001cZambiana Collectiond2023-06-06l0oGOV.ZAM(02)2007/1Ap03006806r2023-06-06t1w2023-06-06y023 00102lcc4070a001b001cZambiana Collectiond2023-06-06l0oGOV.ZAM(02)2007/1Bp03006807r2023-06-06t2w2023-06-06y023